the effectiveness of management and forest resources use of the commune in pro-ngil commune phnom kravanh district, pursat province ( ប្រសិទ្ធភាពនៃការគ្រប់គ្រង និង ការប្រើប្រាស់ធនធានព្រៃឈើរបស់សហគមន៍ ក្នុង ឃុំព្រងិល ស្រុកភ្នំក្រវ៉ាញ ខេត្តពោធិសាត់) (Record no. 3512)

000 -LEADER
fixed length control field 00821nam a22001577a 4500
003 - CONTROL NUMBER IDENTIFIER
control field OSt
005 - DATE AND TIME OF LATEST TRANSACTION
control field 20151117111644.0
008 - FIXED-LENGTH DATA ELEMENTS--GENERAL INFORMATION
fixed length control field 151117b xxu||||| |||| 00| 0 eng d
040 ## - CATALOGING SOURCE
Transcribing agency RUA
082 ## - DEWEY DECIMAL CLASSIFICATION NUMBER
Classification number FOR MAO 2003 B143 Or.1
100 ## - MAIN ENTRY--PERSONAL NAME
9 (RLIN) 3775
Personal name MAO, CHANDARA.
245 ## - TITLE STATEMENT
Title the effectiveness of management and forest resources use of the commune in pro-ngil commune phnom kravanh district, pursat province ( ប្រសិទ្ធភាពនៃការគ្រប់គ្រង និង ការប្រើប្រាស់ធនធានព្រៃឈើរបស់សហគមន៍ ក្នុង ឃុំព្រងិល ស្រុកភ្នំក្រវ៉ាញ ខេត្តពោធិសាត់)
260 ## - PUBLICATION, DISTRIBUTION, ETC. (IMPRINT)
Place of publication, distribution, etc. Phnom Penh
Name of publisher, distributor, etc. RUA
Date of publication, distribution, etc. 2003
300 ## - PHYSICAL DESCRIPTION
Extent iv, 59p.
Other physical details ill.
Dimensions 29cm.
942 ## - ADDED ENTRY ELEMENTS (KOHA)
Source of classification or shelving scheme
Koha item type FOR
Holdings
Price effective from Date last seen Permanent Location Not for loan Date acquired Source of classification or shelving scheme Koha item type Barcode Lost status Damaged status Shelving location Withdrawn status Current Location Full call number
2015-11-172015-11-17Library Block B 2015-11-17 FORRUA026852  B143 Library Block BFOR MAO 2003 B143 Or.1
2019-10-252019-10-25Library Block B 2019-10-25 FORA42128  B143 Library Block BFOR MAO 2003 B143 Or.2
មជ្ឈមណ្ឌលឯការនៃសាកលវិទ្យាល័យភូមិន្ទកសិកម្មចំការដូង

Powered by Koha